000 00512nam a2200193Ia 4500
005 20250326145421.0
008 250326s9999 xx 000 0 und d
037 _aTextbook
040 _aFMSL
_beng
_cFMSL
041 _aeng
_2eng
084 _qFMSL
100 _aSeth V K
245 0 _aStory of indian manufacturing
_cSeth V K
260 _aUnited Kingdom
_bUnited Kingdom, Athema Academic
_c0000
365 _b3588.6700000000001
650 _aManagement
942 _cTB
999 _c1307506
_d1307506